[Event "Mitropa Cup 15th"]
[Site "Bad Woerishofen"]
[Date "1993.??.??"]
[Round "?"]
[White "Huebner, Robert"]
[Black "Garcia Palermo, Carlos H"]
[Result "1-0"]
[WhiteElo "2620"]
[BlackElo "2475"]
[Annotator "Horn,Pe"]
[PlyCount "79"]
[EventDate "1993.01.??"]
[EventType "team-tourn"]
[EventRounds "7"]
[EventCountry "GER"]
[Source "ChessBase"]
[SourceDate "1993.06.01"]

1. Nf3 d5 2. c4 dxc4 3. Na3 c5 4. Nxc4 Nc6 5. b3 e5 6. Bb2 (6. Ncxe5 $4 Nxe5 7.
Nxe5 Qd4 $19) (6. g3 $6 e4) 6... f6 7. g3 (7. e3) 7... Nge7 8. Bg2 Be6 (8...
Nf5 {schlug Aljechin im Turnierbuch Nottingham 1936 vor} 9. O-O Be7 (9... Be6 {
/\ Qd7}) 10. Ne1 (10. e3 Be6 11. d4 exd4 12. exd4 Nfxd4 (12... cxd4 $2 13. Re1
Qd7 14. Qe2 Kf7 15. Ng5+ $1 $18 {Danailov-Tvardon, Warschau 1989}) 13. Nxd4
Nxd4 14. Bxd4 Qxd4 15. Bxb7 Qxd1 16. Raxd1 Rd8 17. Rxd8+ Bxd8 18. Nd6+ Ke7 19.
Nc8+ Bxc8 20. Bxc8 $10 {Kochiev-Taimanov, Leningrad 1984}) 10... Be6 11. Nd3 (
11. f4 exf4 12. Rxf4 Qd7 13. Nd3 O-O 14. Rc1 Rad8 15. Qf1 Rfe8 16. Be4 Nfd4 17.
Ne3 b6 18. Bg2 $13 {Kengis-Yakovich, URS 1985}) 11... Bd5 12. Bh3 Nfd4 13. Rc1
Be4 14. Ne1 O-O 15. e3 Nb5 16. f4 exf4 17. gxf4 Nb4 18. a3 Nd3 19. Nxd3 Qxd3
20. Rf2 Nc7 21. Bf1 Qd7 22. d3 Rad8 23. Rd2 Bg6 24. Qf3 $16 {Lputian-Yakovich,
Charkov 1985}) (8... Nd5 9. O-O Be7 10. Nh4 (10. e3 $5 {/\ d4}) 10... O-O (
10... Nb6 11. f4 exf4 12. gxf4 Be6 13. Rc1 Qd7 14. Qe1 O-O-O 15. d3 Nxc4 16.
bxc4 Bh3 17. Qg3 Bxg2 18. Qxg2 Bd6 19. Bc3 Rhe8 $132 {Miles-Van der Wiel, Porz
1981/2}) 11. Qb1 {/\ Be4} Rf7 12. Nf5 Be6 13. f4 exf4 14. gxf4 Nb6 15. Be4 Bxc4
(15... Nxc4 16. bxc4 Bxc4 17. Ne3 {/\ Bxh7}) 16. bxc4 Nxc4 17. Bc3 Nd4 (17...
Bf8 $5 $13) 18. Nxd4 cxd4 19. Bxh7+ Kf8 20. Bb4 d3 $1 $10 {Botwinnik-Fine,
Nottingham 1936}) 9. O-O Nd5 (9... b5 $6 10. Na3 Qb6 11. e3 Nf5 12. Qe2 a6 13.
g4 Nfe7 14. h3 h5 15. g5 Nf5 16. Rac1 Rc8 17. Rfd1 Be7 18. d4 $16 {
Shaboian-Anastasian, Erevan 1986}) (9... Nf5 {-> 8...Nf5}) 10. e3 Be7 (10... b5
$2 11. Na3 a6 12. d4 $1 exd4 (12... cxd4 13. exd4 e4 14. Qc2 $16) 13. exd4 Kf7
14. Re1 Nc7 15. Qe2 Bd5 16. Rad1 Qd7 17. dxc5 Re8 18. Rxd5 $1 {Mihalkhisin-Dsha
ihalkhisin-Dshanoev, 1976}) (10... e4 $2 11. Ne1 f5 12. Qh5+ $16) 11. d4 cxd4
$6 (11... exd4 12. exd4 O-O 13. Re1 $14) 12. exd4 e4 13. Ne1 $1 f5 14. f3 O-O
$2 (14... exf3 15. Nxf3 (15. Qxf3 $5 {/\ Nd3,Rae1}) 15... O-O 16. Re1 $36) 15.
fxe4 fxe4 16. Rxf8+ Qxf8 17. Bxe4 $16 Rd8 {Schwarz hat keine genügende
Kompensation.} 18. Qe2 Nc7 19. Rd1 Bd5 20. Nf3 Bf6 21. Bxd5+ Nxd5 22. Nfe5 Qe8
23. Re1 b5 24. Na3 a6 25. Nc2 Bxe5 26. dxe5 Qe6 27. Qe4 h6 28. Re2 Rd7 29. Ne1
Nde7 30. Nd3 Qd5 31. Qxd5+ Rxd5 32. Nf4 Rd1+ 33. Kg2 b4 34. h4 a5 35. e6 Nf5
36. h5 Rb1 (36... Nfd4 $2 37. Bxd4 Nxd4 38. e7 $18) 37. Ng6 Nce7 38. Nxe7+ Nxe7
39. Bd4 Rd1 40. Bc5 1-0

[Event "Mitropa Cup 15th"]
[Site "Bad Woerishofen"]
[Date "1993.??.??"]
[Round "?"]
[White "Huebner, Robert"]
[Black "Hug, Werner"]
[Result "1/2-1/2"]
[WhiteElo "2620"]
[BlackElo "2430"]
[PlyCount "145"]
[EventDate "1993.01.??"]
[EventType "team-tourn"]
[EventRounds "7"]
[EventCountry "GER"]
[Source "ChessBase"]
[SourceDate "1993.06.01"]

1. e4 e6 2. d4 d5 3. Nd2 Nf6 4. e5 Ne4 5. Nxe4 dxe4 6. Be3 c5 7. dxc5 Nd7 8.
Qg4 Qa5+ 9. Bd2 Qxc5 10. Qxe4 Qxe5 11. Qxe5 Nxe5 12. Bc3 Nc6 13. a3 Bd7 14. Nf3
O-O-O 15. Ng5 Be8 16. Bc4 Be7 17. Nf3 Bf6 18. Bxf6 gxf6 19. Rd1 Ne5 20. Nxe5
fxe5 21. Ke2 Bc6 22. f3 Rhg8 23. g3 h5 24. Bd3 h4 25. Kf2 Kc7 26. Rhe1 Rg5 27.
Be4 Rxd1 28. Rxd1 Bxe4 29. fxe4 Rg4 30. Kf3 f5 31. Re1 hxg3 32. hxg3 Kd6 33. c4
b6 34. b3 a6 35. Re3 Rg8 36. Rd3+ Ke7 37. b4 fxe4+ 38. Kxe4 Rg4+ 39. Kxe5 Rxc4
40. Rd6 a5 41. Rxe6+ Kd7 42. Rd6+ Ke7 43. bxa5 bxa5 44. Rd3 Rc5+ 45. Kf4 Kf6
46. Rd6+ Kg7 47. Rd4 Rc3 48. a4 Kf6 49. g4 Rc5 50. Re4 Rc1 51. Rd4 Rc5 52. Ke4
Kg5 53. Kd3 Re5 54. Kc3 Kh4 55. Rf4 Kg5 56. Rc4 Kh4 57. Rd4 Kg3 58. Kc4 Kf3 59.
Kc3 Re3+ 60. Kd2 Re2+ 61. Kc3 Re3+ 62. Kc4 Re5 63. g5 Rxg5 64. Rh4 Ke3 65. Rh1
Re5 66. Rb1 Ke4 67. Rb5 Rf5 68. Rb6 Re5 69. Rb1 Kf5 70. Rb6 Ke4 71. Rh6 Kf5 72.
Ra6 Ke4 73. Ra8 1/2-1/2

[Event "Mitropa Cup 15th"]
[Site "Bad Woerishofen"]
[Date "1993.??.??"]
[Round "?"]
[White "Hug, Werner"]
[Black "Robatsch, Karl"]
[Result "1/2-1/2"]
[WhiteElo "2430"]
[BlackElo "2410"]
[PlyCount "21"]
[EventDate "1993.01.??"]
[EventType "team-tourn"]
[EventRounds "7"]
[EventCountry "GER"]
[Source "ChessBase"]
[SourceDate "1993.06.01"]

1. d4 Nf6 2. Nf3 e6 3. Bg5 h6 4. Bxf6 Qxf6 5. e4 d5 6. Bd3 dxe4 7. Bxe4 c5 8.
c3 Nd7 9. O-O Be7 10. Re1 O-O 11. Nbd2 1/2-1/2

[Event "Mitropa Cup 15th"]
[Site "Bad Woerishofen"]
[Date "1993.??.??"]
[Round "?"]
[White "Hug, Werner"]
[Black "Tolnai, Tibor"]
[Result "1/2-1/2"]
[WhiteElo "2430"]
[BlackElo "2500"]
[PlyCount "21"]
[EventDate "1993.01.??"]
[EventType "team-tourn"]
[EventRounds "7"]
[EventCountry "GER"]
[Source "ChessBase"]
[SourceDate "1993.06.01"]

1. d4 Nf6 2. Nf3 e6 3. Bg5 h6 4. Bxf6 Qxf6 5. e4 d6 6. c3 Nd7 7. Nbd2 g6 8. Bd3
Bg7 9. O-O O-O 10. Re1 e5 11. Nc4 1/2-1/2

[Event "Mitropa Cup 15th"]
[Site "Bad Woerishofen"]
[Date "1993.??.??"]
[Round "?"]
[White "Huss, Andreas"]
[Black "Boensch, Uwe"]
[Result "1/2-1/2"]
[WhiteElo "2400"]
[BlackElo "2490"]
[PlyCount "121"]
[EventDate "1993.01.??"]
[EventType "team-tourn"]
[EventRounds "7"]
[EventCountry "GER"]
[Source "ChessBase"]
[SourceDate "1993.06.01"]

1. d4 Nf6 2. Nf3 e6 3. c4 d5 4. Nc3 Be7 5. Bg5 O-O 6. e3 h6 7. Bh4 b6 8. Qb3
Bb7 9. Bxf6 Bxf6 10. cxd5 exd5 11. Rd1 Re8 12. Be2 c6 13. O-O Nd7 14. Rfe1 Nf8
15. e4 g6 16. exd5 cxd5 17. Bb5 Rxe1+ 18. Rxe1 Ne6 19. Qd1 Kg7 20. Ne5 Bxe5 21.
Rxe5 Qh4 22. Ne2 Rd8 23. Qd2 Qf6 24. Qe3 Rd6 25. Bd3 Nd8 26. Nf4 Nc6 27. Bb5 a6
28. Bxc6 Bxc6 29. Qg3 Kf8 30. Qa3 Kg7 31. g3 a5 32. b4 axb4 33. Qxb4 Qd8 34. h4
Kg8 35. Qa3 Kg7 36. Qe3 Qf6 37. Re7 Bd7 38. Qe5 Bg4 39. Nd3 Bf5 40. Nb4 Be4 41.
f4 g5 42. hxg5 hxg5 43. fxg5 Qxe5 44. Rxe5 Kg6 45. g4 Rd8 46. Kf2 Ra8 47. Nxd5
Rxa2+ 48. Ke3 Bxd5 49. Rxd5 Rb2 50. Rf5 Rb1 51. d5 b5 52. Kd4 b4 53. Kc4 b3 54.
Kc3 b2 55. Kc2 Rg1 56. Kxb2 Rxg4 57. Rf6+ Kg7 58. Rf5 Kg6 59. Rf6+ Kg7 60. Rf5
Kg6 61. Rf6+ 1/2-1/2

[Event "Mitropa Cup 15th"]
[Site "Bad Woerishofen"]
[Date "1993.??.??"]
[Round "?"]
[White "Huss, Andreas"]
[Black "Douven, Rudy C"]
[Result "1-0"]
[WhiteElo "2400"]
[BlackElo "2410"]
[PlyCount "63"]
[EventDate "1993.01.??"]
[EventType "team-tourn"]
[EventRounds "7"]
[EventCountry "GER"]
[Source "ChessBase"]
[SourceDate "1993.06.01"]

1. d4 Nf6 2. Nf3 g6 3. c4 Bg7 4. Nc3 O-O 5. e4 c6 6. Bd3 d6 7. h3 Nbd7 8. O-O
e5 9. d5 Nc5 10. Bc2 cxd5 11. cxd5 a5 12. Be3 b6 13. a3 Ba6 14. Re1 Rc8 15. Qd2
Bc4 16. Qd1 Nh5 17. b4 Nd7 18. Rc1 axb4 19. axb4 b5 20. Bd3 Rb8 21. g3 Qe8 22.
Qe2 h6 23. Nxb5 Rxb5 24. Rxc4 Rb7 25. Bd2 f5 26. Rc6 Qe7 27. Nh4 Nf4 28. Bxf4
exf4 29. Nxg6 Qg5 30. exf5 Ne5 31. h4 Qd8 32. Nxf4 1-0

[Event "Mitropa Cup 15th"]
[Site "Bad Woerishofen"]
[Date "1993.??.??"]
[Round "?"]
[White "Huss, Andreas"]
[Black "Osterman, Rudolf"]
[Result "1-0"]
[WhiteElo "2400"]
[BlackElo "2415"]
[PlyCount "85"]
[EventDate "1993.01.??"]
[EventType "team-tourn"]
[EventRounds "7"]
[EventCountry "GER"]
[Source "ChessBase"]
[SourceDate "1993.06.01"]

1. d4 d5 2. c4 dxc4 3. Nf3 Nf6 4. e3 Bg4 5. Bxc4 e6 6. h3 Bh5 7. Nc3 a6 8. O-O
Nc6 9. Be2 Bd6 10. Nd2 Bg6 11. Bf3 Bd3 12. Be2 Bg6 13. Nc4 Bb4 14. Bf3 Nd5 15.
Qb3 Bxc3 16. bxc3 b5 17. Nb2 O-O 18. Bd2 Rb8 19. Rfc1 Qd7 20. Qd1 e5 21. a4 b4
22. Bxd5 Qxd5 23. cxb4 exd4 24. Rc5 Qd7 25. b5 Nd8 26. Qb3 Be4 27. Rac1 Ne6 28.
Re5 Ba8 29. Nd3 Rfe8 30. Qc4 axb5 31. axb5 Red8 32. e4 Re8 33. f4 h6 34. Rb1
Kh7 35. f5 Ng5 36. Bxg5 hxg5 37. Nc5 Qd6 38. Rxe8 Rxe8 39. Qxf7 Re7 40. Qh5+
Kg8 41. Ra1 Qd8 42. f6 d3 43. Ne6 1-0

[Event "Mitropa Cup 15th"]
[Site "Bad Woerishofen"]
[Date "1993.??.??"]
[Round "?"]
[White "Huss, Andreas"]
[Black "Votava, Jan"]
[Result "1/2-1/2"]
[WhiteElo "2400"]
[BlackElo "2410"]
[PlyCount "46"]
[EventDate "1993.01.??"]
[EventType "team-tourn"]
[EventRounds "7"]
[EventCountry "GER"]
[Source "ChessBase"]
[SourceDate "1993.06.01"]

1. d4 d6 2. Nf3 Bg4 3. e3 Nd7 4. Be2 Ngf6 5. c4 e5 6. Nc3 Be7 7. O-O O-O 8. b3
Re8 9. h3 Bxf3 10. Bxf3 c6 11. d5 c5 12. e4 h6 13. g3 Nh7 14. Bg2 Bg5 15. Bb2
a6 16. a4 g6 17. Ne2 h5 18. h4 Bh6 19. a5 Nhf6 20. Qd3 Qc7 21. Bh3 Rab8 22. Bc3
Re7 23. f3 Kh7 1/2-1/2

[Event "Mitropa Cup 15th"]
[Site "Bad Woerishofen"]
[Date "1993.??.??"]
[Round "?"]
[White "Iannacone, Ernesto"]
[Black "Boensch, Uwe"]
[Result "0-1"]
[WhiteElo "2385"]
[BlackElo "2490"]
[PlyCount "102"]
[EventDate "1993.01.??"]
[EventType "team-tourn"]
[EventRounds "7"]
[EventCountry "GER"]
[Source "ChessBase"]
[SourceDate "1993.06.01"]

1. d4 Nf6 2. c4 e6 3. Nc3 d5 4. cxd5 exd5 5. Bg5 c6 6. Qc2 Be7 7. e3 O-O 8. Bd3
Nbd7 9. Nge2 Re8 10. O-O Nf8 11. f3 Nh5 12. Bxe7 Rxe7 13. e4 g6 14. Rad1 Be6
15. e5 f5 16. exf6 Nxf6 17. Ng3 Bf7 18. Qd2 N8d7 19. f4 Qf8 20. f5 Qg7 21. fxg6
hxg6 22. Rf3 Rae8 23. Rdf1 Ng4 24. Bf5 Qh6 25. Qxh6 Nxh6 26. Bd3 Nf8 27. h3 Ne6
28. Nge2 Ng5 29. Rg3 Ne4 30. Bxe4 dxe4 31. Rf4 Kg7 32. Re3 Nf5 33. Rexe4 Bxa2
34. Rxe7+ Rxe7 35. g4 Nd6 36. Kf2 Bf7 37. h4 a5 38. Nc1 b5 39. Nd3 b4 40. Na4
Ne4+ 41. Kg1 Ng3 42. Kf2 Ne4+ 43. Kg1 Bd5 44. Ne5 g5 45. hxg5 Nxg5 46. Rf1 Ne6
47. Rd1 Bb3 48. Ra1 Nxd4 49. Nd3 Nc2 50. Rc1 Bxa4 51. Nc5 Nd4 0-1

[Event "Mitropa Cup 15th"]
[Site "Bad Woerishofen"]
[Date "1993.??.??"]
[Round "?"]
[White "Iannacone, Ernesto"]
[Black "Bosboom, Manuel"]
[Result "1/2-1/2"]
[WhiteElo "2385"]
[BlackElo "2425"]
[PlyCount "67"]
[EventDate "1993.01.??"]
[EventType "team-tourn"]
[EventRounds "7"]
[EventCountry "GER"]
[Source "ChessBase"]
[SourceDate "1993.06.01"]

1. d4 Nf6 2. c4 d6 3. Nf3 g6 4. Nc3 Bg7 5. e4 O-O 6. Be2 Nbd7 7. Be3 e5 8. O-O
b6 9. Qc2 exd4 10. Nxd4 Bb7 11. Rad1 Re8 12. f3 c6 13. Qd2 Qc7 14. Rfe1 Rad8
15. Bf1 a6 16. a3 b5 17. cxb5 axb5 18. Qf2 Qb8 19. h3 Ne5 20. b3 Ba8 21. Nc2
Nh5 22. f4 Nd7 23. Bd4 Bxd4 24. Nxd4 b4 25. axb4 Qxb4 26. Na2 Qa3 27. b4 Nxf4
28. Qxf4 Qxa2 29. Qxd6 Qa7 30. Rc1 Qb7 31. Nf3 Qb6+ 32. Kh1 Bb7 33. Qf4 c5 34.
Bc4 1/2-1/2

[Event "Mitropa Cup 15th"]
[Site "Bad Woerishofen"]
[Date "1993.??.??"]
[Round "?"]
[White "Iannacone, Ernesto"]
[Black "Huss, Andreas"]
[Result "1/2-1/2"]
[WhiteElo "2385"]
[BlackElo "2400"]
[PlyCount "48"]
[EventDate "1993.01.??"]
[EventType "team-tourn"]
[EventRounds "7"]
[EventCountry "GER"]
[Source "ChessBase"]
[SourceDate "1993.06.01"]

1. d4 e6 2. c4 Nf6 3. Nf3 b6 4. a3 Bb7 5. Nc3 d5 6. cxd5 exd5 7. g3 Be7 8. Qa4+
c6 9. Bg2 O-O 10. O-O Nbd7 11. Bf4 Nh5 12. Rfd1 Nxf4 13. gxf4 Bd6 14. e3 Re8
15. Ne2 Nf6 16. Ng3 Qc8 17. Rac1 Qg4 18. Qc2 g6 19. Ne5 Qh4 20. Bf3 c5 21. Kh1
Rac8 22. Qd3 cxd4 23. Qxd4 Bc5 24. Qd2 Bd6 1/2-1/2

[Event "Mitropa Cup 15th"]
[Site "Bad Woerishofen"]
[Date "1993.??.??"]
[Round "?"]
[White "Iannacone, Ernesto"]
[Black "Varga, Zoltan"]
[Result "0-1"]
[WhiteElo "2385"]
[BlackElo "2450"]
[PlyCount "64"]
[EventDate "1993.01.??"]
[EventType "team-tourn"]
[EventRounds "7"]
[EventCountry "GER"]
[Source "ChessBase"]
[SourceDate "1993.06.01"]

1. c4 c5 2. Nc3 g6 3. d4 cxd4 4. Qxd4 Nf6 5. e4 Nc6 6. Qd2 Bg7 7. Nf3 O-O 8.
Be2 d6 9. O-O Bg4 10. Rb1 Nd7 11. b3 Bxf3 12. Bxf3 Nd4 13. Bd1 Ne5 14. Nd5 Nec6
15. Bb2 e6 16. Ne3 Qh4 17. f4 a6 18. g3 Qd8 19. b4 b5 20. cxb5 axb5 21. a3 Ra7
22. f5 Re8 23. Qf2 exf5 24. exf5 Qg5 25. Bc1 Ne5 26. fxg6 Qxg6 27. Qa2 Qe4 28.
Bc2 Ne2+ 29. Kf2 Qf3+ 30. Ke1 Nc3 31. Bxh7+ Kxh7 32. Qc2+ Qe4 0-1

[Event "Mitropa Cup 15th"]
[Site "Bad Woerishofen"]
[Date "1993.??.??"]
[Round "?"]
[White "Knaak, Rainer"]
[Black "Borgo, Giulio"]
[Result "1-0"]
[WhiteElo "2515"]
[BlackElo "2365"]
[PlyCount "81"]
[EventDate "1993.01.??"]
[EventType "team-tourn"]
[EventRounds "7"]
[EventCountry "GER"]
[Source "ChessBase"]
[SourceDate "1993.06.01"]

1. d4 Nf6 2. c4 c5 3. d5 b5 4. Nf3 g6 5. cxb5 a6 6. b6 Bg7 7. Nc3 O-O 8. e4 d6
9. Nd2 Nfd7 10. Be2 a5 11. Na4 Nxb6 12. Nxb6 Qxb6 13. Nc4 Qc7 14. Bd2 Nd7 15.
Bc3 Bxc3+ 16. bxc3 Ba6 17. O-O Rfb8 18. Ne3 Bxe2 19. Qxe2 Qb7 20. Rfc1 a4 21.
Nd1 Qa6 22. c4 Rb4 23. f4 a3 24. Rc3 Rab8 25. Qd3 Qb7 26. Rcc1 Qa6 27. h3 Ra4
28. Rc3 Rbb4 29. Rac1 Nb6 30. Ne3 Rb2 31. R1c2 Qa5 32. Kh2 Qb4 33. e5 Ra8 34.
e6 f5 35. g4 fxg4 36. f5 Na4 37. Rxa3 Qe1 38. Rxb2 Nxb2 39. Rxa8+ Kg7 40. f6+
Kh6 41. Nxg4+ 1-0

[Event "Mitropa Cup 15th"]
[Site "Bad Woerishofen"]
[Date "1993.??.??"]
[Round "?"]
[White "Knaak, Rainer"]
[Black "Sermek, Drazen"]
[Result "1/2-1/2"]
[WhiteElo "2515"]
[BlackElo "2495"]
[PlyCount "30"]
[EventDate "1993.01.??"]
[EventType "team-tourn"]
[EventRounds "7"]
[EventCountry "GER"]
[Source "ChessBase"]
[SourceDate "1993.06.01"]

1. d4 d5 2. c4 dxc4 3. Nf3 c5 4. Nc3 cxd4 5. Qxd4 Qxd4 6. Nxd4 Nf6 7. Ndb5 Kd8
8. Bf4 Nc6 9. Bc7+ Ke8 10. Bg3 Kd8 11. e4 a6 12. O-O-O+ Nd7 13. Bc7+ Ke8 14.
Bb6 axb5 15. Nxb5 Rxa2 1/2-1/2

[Event "Mitropa Cup 15th"]
[Site "Bad Woerishofen"]
[Date "1993.??.??"]
[Round "?"]
[White "Knaak, Rainer"]
[Black "Wirthensohn, Heinz"]
[Result "0-1"]
[WhiteElo "2515"]
[BlackElo "2400"]
[PlyCount "86"]
[EventDate "1993.01.??"]
[EventType "team-tourn"]
[EventRounds "7"]
[EventCountry "GER"]
[Source "ChessBase"]
[SourceDate "1993.06.01"]

1. d4 Nf6 2. c4 e6 3. Nc3 Bb4 4. e3 O-O 5. Bd3 d5 6. Nf3 c5 7. O-O cxd4 8. exd4
dxc4 9. Bxc4 a6 10. Bd3 b5 11. Ne4 Nbd7 12. Bf4 Bb7 13. Nd6 Qb8 14. Nxb7 Qxf4
15. a3 Qb8 16. axb4 Qxb7 17. Be2 Nd5 18. Qd2 Qc7 19. Ne1 Qb6 20. Bf3 N7f6 21.
Rc1 Rad8 22. Rc5 Ne7 23. Nc2 Rd6 24. Rd1 Rfd8 25. Qc3 h6 26. g3 Ned5 27. Qe1
Ne7 28. Kg2 Nf5 29. Qe5 Nd7 30. Qf4 Nf6 31. h4 Nd5 32. Qe5 Nf6 33. Kh3 Qa7 34.
Qf4 Qd7 35. g4 Nxd4 36. Nxd4 Rxd4 37. Rxd4 Qxd4 38. Qxd4 Rxd4 39. Rc8+ Kh7 40.
Rc7 Rxb4 41. Bd1 Nd5 42. Bc2+ f5 43. Rc6 Rxg4 0-1

[Event "Mitropa Cup 15th"]
[Site "Bad Woerishofen"]
[Date "1993.??.??"]
[Round "?"]
[White "Kuijf, Marinus"]
[Black "Hug, Werner"]
[Result "1/2-1/2"]
[WhiteElo "2440"]
[BlackElo "2430"]
[PlyCount "43"]
[EventDate "1993.01.??"]
[EventType "team-tourn"]
[EventRounds "7"]
[EventCountry "GER"]
[Source "ChessBase"]
[SourceDate "1993.06.01"]

1. e4 e6 2. d4 d5 3. Nd2 dxe4 4. Nxe4 Bd7 5. Nf3 Bc6 6. Bd3 Nd7 7. O-O Ngf6 8.
Neg5 Bd6 9. Re1 h6 10. Nh3 Bxf3 11. Qxf3 c6 12. Nf4 Qa5 13. Be3 O-O-O 14. b4
Qc7 15. Nh5 Bxh2+ 16. Kh1 Bd6 17. Rab1 Nxh5 18. Qxh5 Nf6 19. Qf3 h5 20. Bg5 Be7
21. Bf4 Bd6 22. Bg5 1/2-1/2

[Event "Mitropa Cup 15th"]
[Site "Bad Woerishofen"]
[Date "1993.??.??"]
[Round "?"]
[White "Kuijf, Marinus"]
[Black "Priehoda, Vitezslav"]
[Result "0-1"]
[WhiteElo "2440"]
[BlackElo "2440"]
[PlyCount "64"]
[EventDate "1993.01.??"]
[EventType "team-tourn"]
[EventRounds "7"]
[EventCountry "GER"]
[Source "ChessBase"]
[SourceDate "1993.06.01"]

1. e4 e6 2. d4 d5 3. Nd2 Nf6 4. e5 Nfd7 5. c3 c5 6. Bd3 b6 7. Nh3 Ba6 8. Bxa6
Nxa6 9. O-O b5 10. Nf3 Be7 11. Nfg5 h6 12. Nxe6 fxe6 13. Qh5+ Kf8 14. Nf4 Nc7
15. Nxe6+ Nxe6 16. Qf5+ Kg8 17. Qxe6+ Kh7 18. Qxd5 cxd4 19. cxd4 Nb6 20. Qe4+
g6 21. Qe3 Kg7 22. f4 Qd7 23. b3 Rad8 24. Bb2 Nd5 25. Qd2 Rhf8 26. Rf3 Rf7 27.
Raf1 Rdf8 28. Qf2 Rxf4 29. Qe2 Rxf3 30. Rxf3 Rxf3 31. Qxf3 Bg5 32. h3 Qf7 0-1

[Event "Mitropa Cup 15th"]
[Site "Bad Woerishofen"]
[Date "1993.??.??"]
[Round "?"]
[White "Kuijf, Marinus"]
[Black "Wittmann, Walter"]
[Result "1/2-1/2"]
[WhiteElo "2440"]
[BlackElo "2400"]
[PlyCount "97"]
[EventDate "1993.01.??"]
[EventType "team-tourn"]
[EventRounds "7"]
[EventCountry "GER"]
[Source "ChessBase"]
[SourceDate "1993.06.01"]

1. e4 c5 2. Nf3 d6 3. d4 cxd4 4. Nxd4 Nf6 5. Nc3 Nc6 6. Bg5 Bd7 7. Qd2 Rc8 8.
f4 h6 9. Bxf6 gxf6 10. Nf5 Qa5 11. Bd3 Nb4 12. O-O Nxd3 13. Qxd3 Qb4 14. Kh1 e6
15. Nd4 Qxb2 16. Nce2 Qb6 17. Rab1 Qc7 18. Rb2 Be7 19. f5 e5 20. Nb5 Qc5 21.
Nbc3 Bc6 22. Qg3 Kf8 23. Rd1 b6 24. Nd5 Bxd5 25. Rxd5 Qc4 26. Qf3 h5 27. Rd3
Qa6 28. Nc3 Qa3 29. Nd1 Qa5 30. Qe2 Rc4 31. h3 Qc5 32. Rd5 Qc6 33. Qd3 h4 34.
Ne3 Rc3 35. Qd2 Ra3 36. Rd3 Ra4 37. Rb4 Rxa2 38. Rc3 Qd7 39. Nd5 Bd8 40. Rbc4
Ra1+ 41. Kh2 Qb5 42. Nb4 a5 43. Qxd6+ Kg7 44. Qd5 Qxd5 45. Nxd5 b5 46. Rc5 b4
47. R3c4 Rb1 48. Rb5 Re1 49. Rb7 1/2-1/2

[Event "Mitropa Cup 15th"]
[Site "Bad Woerishofen"]
[Date "1993.??.??"]
[Round "?"]
[White "Osterman, Rudolf"]
[Black "Boensch, Uwe"]
[Result "1/2-1/2"]
[WhiteElo "2415"]
[BlackElo "2490"]
[PlyCount "137"]
[EventDate "1993.01.??"]
[EventType "team-tourn"]
[EventRounds "7"]
[EventCountry "GER"]
[Source "ChessBase"]
[SourceDate "1993.06.01"]

1. d4 Nf6 2. Nf3 e6 3. c4 Bb4+ 4. Bd2 Qe7 5. a3 Bxd2+ 6. Qxd2 d6 7. Nc3 O-O 8.
e4 e5 9. d5 a5 10. b3 Na6 11. Bd3 Bg4 12. Qe3 Nh5 13. O-O Nf4 14. Bc2 Kh8 15.
Ne1 g5 16. f3 Bd7 17. g3 Rg8 18. Kh1 Nh3 19. Nd3 Raf8 20. b4 f5 21. exf5 Bxf5
22. Ne4 axb4 23. axb4 g4 24. b5 Nb8 25. f4 Nd7 26. Rae1 Qg7 27. Qd2 Rf7 28.
Nef2 Rgf8 29. Nxh3 gxh3 30. Rf2 Bg6 31. Ref1 Be4+ 32. Kg1 Bg2 33. Rc1 Nf6 34.
Ne1 Ne4 35. Bxe4 Bxe4 36. Kf1 exf4 37. gxf4 Rg8 38. Qc3 Rf6 39. Qd4 Bf5 40. Nf3
h6 41. c5 Bg4 42. cxd6 Rxd6 43. Rxc7 Qxd4 44. Nxd4 Rxd5 45. Rd2 Rgd8 46. Rc4
Rxb5 47. Kf2 Rbd5 48. Rb4 R8d7 49. Ke3 Re7+ 50. Kd3 Bf5+ 51. Kc3 Re3+ 52. Kc4
Be6 53. Rb6 Rd7+ 54. Kb4 Kh7 55. f5 Bf7 56. Rb5 Re1 57. Rc5 b6 58. Rcc2 Rb1+
59. Kc3 b5 60. Rb2 Rc7+ 61. Kd3 Bc4+ 62. Ke3 Re7+ 63. Kf4 Rf1+ 64. Rf2 Rxf2+
65. Rxf2 b4 66. Nc6 Rg7 67. Nxb4 Rg2 68. Kf3 Kg7 69. Rxg2+ 1/2-1/2

[Event "Mitropa Cup 15th"]
[Site "Bad Woerishofen"]
[Date "1993.??.??"]
[Round "?"]
[White "Osterman, Rudolf"]
[Black "Varga, Zoltan"]
[Result "0-1"]
[WhiteElo "2415"]
[BlackElo "2450"]
[PlyCount "68"]
[EventDate "1993.01.??"]
[EventType "team-tourn"]
[EventRounds "7"]
[EventCountry "GER"]
[Source "ChessBase"]
[SourceDate "1993.06.01"]

1. d4 d5 2. c4 dxc4 3. Nf3 a6 4. e3 Nf6 5. Bxc4 e6 6. O-O c5 7. Qe2 b5 8. Bb3
Bb7 9. Nc3 Nbd7 10. Rd1 Qb6 11. d5 e5 12. e4 c4 13. Bc2 Bc5 14. Bg5 O-O 15. Rd2
Ng4 16. Bh4 f6 17. Bg3 Nh6 18. Nh4 Bd4 19. Rad1 Rfc8 20. Qf3 Nc5 21. Bb1 Nd7
22. Nf5 Nxf5 23. Qxf5 Nf8 24. Ne2 Bc5 25. a3 a5 26. Ba2 Ba6 27. Nc3 Bd6 28. Qf3
b4 29. Ne2 c3 30. bxc3 b3 31. Bb1 Bxa3 32. d6 Rd8 33. d7 a4 34. Bh4 Ra7 0-1

[Event "Mitropa Cup 15th"]
[Site "Bad Woerishofen"]
[Date "1993.??.??"]
[Round "?"]
[White "Priehoda, Vitezslav"]
[Black "Braga, Fernando Alberto"]
[Result "1/2-1/2"]
[WhiteElo "2440"]
[BlackElo "2435"]
[PlyCount "65"]
[EventDate "1993.01.??"]
[EventType "team-tourn"]
[EventRounds "7"]
[EventCountry "GER"]
[Source "ChessBase"]
[SourceDate "1993.06.01"]

1. d4 d5 2. c4 e6 3. Nf3 Nf6 4. e3 c6 5. Nbd2 c5 6. a3 cxd4 7. exd4 dxc4 8.
Nxc4 Nc6 9. Be3 Be7 10. Rc1 O-O 11. Bd3 b6 12. O-O Bb7 13. Qe2 Rc8 14. Rcd1 Nd5
15. Bc1 Bf6 16. Nce5 g6 17. Rfe1 Bg7 18. h4 Nf6 19. Bc4 Nd5 20. h5 Qd6 21. Ba2
Nce7 22. Ng5 Nf5 23. hxg6 hxg6 24. Qg4 Nf6 25. Qh3 Bd5 26. Bb1 Rxc1 27. Rxc1
Nxd4 28. Rcd1 Nc6 29. Ng4 Nh5 30. Ne3 Qf4 31. Nxd5 Qxg5 32. Nc3 Nd4 33. Ne4
1/2-1/2

[Event "Mitropa Cup 15th"]
[Site "Bad Woerishofen"]
[Date "1993.??.??"]
[Round "?"]
[White "Priehoda, Vitezslav"]
[Black "Gostisa, Leon"]
[Result "1-0"]
[WhiteElo "2440"]
[BlackElo "2460"]
[PlyCount "59"]
[EventDate "1993.01.??"]
[EventType "team-tourn"]
[EventRounds "7"]
[EventCountry "GER"]
[Source "ChessBase"]
[SourceDate "1993.06.01"]

1. d4 Nf6 2. c4 e6 3. Nf3 Bb4+ 4. Bd2 c5 5. Bxb4 cxb4 6. g3 b6 7. Bg2 Bb7 8.
O-O O-O 9. Qb3 a5 10. Nbd2 d6 11. Rfd1 Na6 12. Nf1 Rc8 13. Ne3 Re8 14. Rac1 Rc7
15. Ne1 Bxg2 16. Kxg2 Qa8+ 17. Kg1 Rec8 18. Nd3 Qb7 19. a3 b5 20. axb4 bxc4 21.
Nxc4 a4 22. Nxd6 Qb8 23. Rxc7 Qxc7 24. Qc3 Rd8 25. Qxc7 Nxc7 26. Rc1 Nfd5 27.
Nb7 Rb8 28. Nbc5 Nb5 29. e3 Ra8 30. Nxa4 1-0

[Event "Mitropa Cup 15th"]
[Site "Bad Woerishofen"]
[Date "1993.??.??"]
[Round "?"]
[White "Priehoda, Vitezslav"]
[Black "Hug, Werner"]
[Result "1/2-1/2"]
[WhiteElo "2440"]
[BlackElo "2430"]
[PlyCount "43"]
[EventDate "1993.01.??"]
[EventType "team-tourn"]
[EventRounds "7"]
[EventCountry "GER"]
[Source "ChessBase"]
[SourceDate "1993.06.01"]

1. d4 Nf6 2. c4 d6 3. Nf3 g6 4. Nc3 Bg7 5. e4 Bg4 6. Be2 Bxf3 7. Bxf3 Nfd7 8.
Be3 Nc6 9. Rc1 e5 10. d5 Nd4 11. O-O O-O 12. Bxd4 exd4 13. Ne2 d3 14. Qxd3 Bxb2
15. Rc2 Nc5 16. Qd1 Bg7 17. Nc1 Re8 18. Re1 a5 19. Nd3 b6 20. g3 Qd7 21. Bg2
Re7 22. Qd2 1/2-1/2